[Event "EYCC 2024 - G14"]
[Site "?"]
[Date "2024.08.23"]
[Round "2.1"]
[White "Huseynova, Dinara"]
[Black "Ceruta, Alexandra"]
[Result "1-0"]
[BlackElo "1710"]
[WhiteElo "1923"]
[LiveChessVersion "1.4.8"]

1. Nf3 {[%clk 1:30:48]} Nf6 {[%clk 1:30:44]} 2. b3 {[%clk 1:31:10]} d5
{[%clk 1:28:05]} 3. Bb2 {[%clk 1:31:32]} e6 {[%clk 1:28:03]} 4. e3
{[%clk 1:31:54]} c5 {[%clk 1:25:31]} 5. c4 {[%clk 1:27:30]} Be7 {[%clk 1:16:51]}
6. cxd5 {[%clk 1:24:45]} exd5 {[%clk 1:16:51]} 7. Bb5+ {[%clk 1:25:01]} Bd7
{[%clk 1:12:41]} 8. Bxd7+ {[%clk 1:24:11]} Qxd7 {[%clk 1:04:52]} 9. Ne5
{[%clk 1:20:55]} Qc7 {[%clk 1:04:12]} 10. O-O {[%clk 1:18:52]} Nc6
{[%clk 1:03:12]} 11. Ng4 {[%clk 1:17:06]} d4 {[%clk 0:55:06]} 12. exd4
{[%clk 1:17:26]} cxd4 {[%clk 0:54:00]} 13. Nxf6+ {[%clk 1:17:39]} Bxf6
{[%clk 0:53:39]} 14. Re1+ {[%clk 1:18:03]} Ne7 {[%clk 0:52:40]} 15. Qg4
{[%clk 1:13:30]} Rd8 {[%clk 0:48:48]} 16. Na3 {[%clk 1:09:58]} O-O
{[%clk 0:44:43]} 17. Rac1 {[%clk 1:04:21]} Qa5 {[%clk 0:42:15]} 18. Nc4
{[%clk 0:39:49]} Qxa2 {[%clk 0:37:19]} 19. Qg3 {[%clk 0:39:04]} Qa6
{[%clk 0:35:39]} 20. Ra1 {[%clk 0:37:24]} Qb5 {[%clk 0:32:47]} 21. Ba3
{[%clk 0:31:49]} Qd7 {[%clk 0:18:10]} 22. Bxe7 {[%clk 0:28:42]} Bxe7
{[%clk 0:18:28]} 23. Rxa7 {[%clk 0:28:29]} Bc5 {[%clk 0:16:19]} 24. Raa1
{[%clk 0:24:44]} b5 {[%clk 0:13:51]} 25. Ne5 {[%clk 0:24:38]} Qd5
{[%clk 0:13:49]} 26. Qf3 {[%clk 0:23:13]} Bb4 {[%clk 0:12:39]} 27. Qxd5
{[%clk 0:19:50]} Rxd5 {[%clk 0:12:58]} 28. Nc6 {[%clk 0:20:09]} Bc5
{[%clk 0:07:29]} 29. g3 {[%clk 0:18:33]} h5 {[%clk 0:05:15]} 30. Ne7+
{[%clk 0:15:48]} Bxe7 {[%clk 0:05:42]} 31. Rxe7 {[%clk 0:16:17]} Kh7
{[%clk 0:04:48]} 32. Raa7 {[%clk 0:16:38]} Kg6 {[%clk 0:04:39]} 33. Red7
{[%clk 0:16:48]} Rxd7 {[%clk 0:02:12]} 34. Rxd7 {[%clk 0:17:17]} Re8
{[%clk 0:02:10]} 35. Kf1 {[%clk 0:17:06]} h4 {[%clk 0:01:39]} 36. Rxd4
{[%clk 0:17:01]} hxg3 {[%clk 0:01:54]} 37. hxg3 {[%clk 0:17:26]} Re5
{[%clk 0:01:22]} 38. b4 {[%clk 0:17:37]} Kf6 {[%clk 0:01:09]} 39. f4
{[%clk 0:17:18]} Rh5 {[%clk 0:01:00]} 40. Kg2 {[%clk 0:16:49]} Ke6
{[%clk 0:00:56]} 41. Kf3 {[%clk 0:14:13]} f5 {[%clk 0:00:40]} 42. Rd8
{[%clk 0:09:46]} Rh2 {[%clk 0:00:56]} 43. Rb8 {[%clk 0:09:32]} Rxd2
{[%clk 0:01:16]} 44. Rxb5 {[%clk 0:10:00]} Rd3+ {[%clk 0:01:28]} 45. Kg2
{[%clk 0:10:22]} Rb3 {[%clk 0:01:11]} 46. Rb8 {[%clk 0:10:34]} Kd7
{[%clk 0:00:53]} 47. Kh3 {[%clk 0:08:59]} Kc6 {[%clk 0:00:33]} 48. Kh4
{[%clk 0:09:07]} g6 {[%clk 0:00:44]} 49. b5+ {[%clk 0:08:44]} Kc7
{[%clk 0:01:01]} 50. Rg8 {[%clk 0:09:09]} Rxb5 {[%clk 0:01:10]} 51. Rxg6
{[%clk 0:09:38]} Kd7 {[%clk 0:01:00]} 52. Rg5 {[%clk 0:08:18]} Ke6
{[%clk 0:01:05]} 53. g4 {[%clk 0:08:38]} Kf6 {[%clk 0:00:56]} 54. Kh5
{[%clk 0:07:14]} Rc5 {[%clk 0:01:04]} 55. Kh6 {[%clk 0:07:32]} Rb5
{[%clk 0:01:02]} 56. Rh5 {[%clk 0:07:54]} Ra5 {[%clk 0:00:50]} 57. g5+
{[%clk 0:08:20]} Kf7 {[%clk 0:00:35]} 58. Kh7 {[%clk 0:08:45]} Ra7
{[%clk 0:00:34]} 59. Rh6 {[%clk 0:08:56]} Kf8+ {[%clk 0:00:34]} 60. Kh8
{[%clk 0:08:18]} Ra8 {[%clk 0:00:39]} 61. Rf6+ {[%clk 0:07:53]} Ke7+
{[%clk 0:01:01]} 62. Kg7 {[%clk 0:08:00]} Re8 {[%clk 0:00:35]} 63. Rxf5
{[%clk 0:08:14]} Kd6 {[%clk 0:00:49]} 64. g6 {[%clk 0:08:34]} Re7+
{[%clk 0:01:01]} 65. Kf8 {[%clk 0:08:59]} 1-0

[Event "EYCC 2024 - G14"]
[Site "?"]
[Date "2024.08.23"]
[Round "2.2"]
[White "Jakubse, Tamae Severina"]
[Black "Lajdamik, Kinga"]
[Result "1-0"]
[BlackElo "1697"]
[WhiteElo "1904"]
[LiveChessVersion "1.4.8"]

1. e4 {[%clk 1:30:57]} e5 {[%clk 1:30:52]} 2. Nf3 {[%clk 1:31:23]} Nc6
{[%clk 1:31:18]} 3. d4 {[%clk 1:31:49]} exd4 {[%clk 1:31:43]} 4. Nxd4
{[%clk 1:32:15]} Nf6 {[%clk 1:31:59]} 5. Nxc6 {[%clk 1:32:38]} bxc6
{[%clk 1:32:25]} 6. e5 {[%clk 1:33:01]} Qe7 {[%clk 1:32:50]} 7. Qe2
{[%clk 1:33:26]} Nd5 {[%clk 1:33:16]} 8. h4 {[%clk 1:33:51]} h5 {[%clk 1:27:51]}
9. c4 {[%clk 1:27:39]} Ba6 {[%clk 1:28:04]} 10. Rh3 {[%clk 1:24:27]} Qe6
{[%clk 1:25:35]} 11. cxd5 {[%clk 1:14:19]} Qxh3 {[%clk 1:24:36]} 12. Qxa6
{[%clk 1:10:28]} Qxh4 {[%clk 1:24:03]} 13. dxc6 {[%clk 1:05:33]} Qe4+
{[%clk 1:23:32]} 14. Be3 {[%clk 1:01:58]} d5 {[%clk 1:17:56]} 15. exd6
{[%clk 0:56:30]} Bxd6 {[%clk 1:18:14]} 16. Nc3 {[%clk 0:55:36]} Qg6
{[%clk 1:13:29]} 17. Qd3 {[%clk 0:54:53]} Qf6 {[%clk 1:07:56]} 18. Qd4
{[%clk 0:47:06]} Qxd4 {[%clk 1:00:37]} 19. Bxd4 {[%clk 0:47:33]} O-O
{[%clk 1:00:59]} 20. O-O-O {[%clk 0:47:42]} Rfd8 {[%clk 0:58:37]} 21. Be2
{[%clk 0:46:23]} Bf4+ {[%clk 0:55:18]} 22. Kc2 {[%clk 0:45:06]} h4
{[%clk 0:54:27]} 23. Bf3 {[%clk 0:34:07]} a6 {[%clk 0:52:28]} 24. Nd5
{[%clk 0:34:10]} Bd6 {[%clk 0:51:01]} 25. Rh1 {[%clk 0:33:10]} f6
{[%clk 0:48:45]} 26. Rxh4 {[%clk 0:32:12]} Kf7 {[%clk 0:49:01]} 27. Be2
{[%clk 0:29:24]} a5 {[%clk 0:41:21]} 28. Bc4 {[%clk 0:27:03]} Kg6
{[%clk 0:40:50]} 29. Rg4+ {[%clk 0:27:10]} Kh7 {[%clk 0:40:13]} 30. Nxf6+
{[%clk 0:23:48]} gxf6 {[%clk 0:40:15]} 31. Bxf6 {[%clk 0:24:11]} Be7
{[%clk 0:37:52]} 32. Bxe7 {[%clk 0:23:07]} Re8 {[%clk 0:34:26]} 33. Bf6
{[%clk 0:23:11]} 1-0

[Event "EYCC 2024 - G14"]
[Site "?"]
[Date "2024.08.23"]
[Round "2.3"]
[White "Kravchenko, Anastasiia"]
[Black "Bashirli, Saadat"]
[Result "0-1"]
[BlackElo "1894"]
[WhiteElo "1690"]
[LiveChessVersion "1.4.8"]

1. e4 {[%clk 1:30:57]} c5 {[%clk 1:30:49]} 2. Nf3 {[%clk 1:31:20]} Nc6
{[%clk 1:31:05]} 3. d4 {[%clk 1:31:38]} cxd4 {[%clk 1:31:29]} 4. Nxd4
{[%clk 1:32:02]} g6 {[%clk 1:31:42]} 5. Be3 {[%clk 1:32:15]} Nf6 {[%clk 1:31:44]}
6. f3 {[%clk 1:32:09]} Qb6 {[%clk 1:30:45]} 7. Nc3 {[%clk 1:21:26]} e5
{[%clk 0:51:20]} 8. Nf5 {[%clk 1:04:08]} Qxb2 {[%clk 0:44:11]} 9. Bd2
{[%clk 0:59:23]} gxf5 {[%clk 0:26:16]} 10. Rb1 {[%clk 0:59:22]} Qa3
{[%clk 0:23:37]} 11. Nb5 {[%clk 0:59:33]} Qc5 {[%clk 0:23:49]} 12. Bg5
{[%clk 0:54:11]} Nd4 {[%clk 0:13:07]} 13. Nxd4 {[%clk 0:48:19]} Qc3+
{[%clk 0:10:39]} 14. Qd2 {[%clk 0:47:33]} Qxd2+ {[%clk 0:08:17]} 15. Kxd2
{[%clk 0:47:55]} exd4 {[%clk 0:07:11]} 16. Bxf6 {[%clk 0:48:18]} Bh6+
{[%clk 0:07:31]} 17. Kd3 {[%clk 0:47:42]} fxe4+ {[%clk 0:07:20]} 18. Kxe4
{[%clk 0:47:19]} O-O {[%clk 0:06:42]} 19. Kxd4 {[%clk 0:46:37]} Re8
{[%clk 0:05:39]} 20. Bc4 {[%clk 0:45:58]} Be3+ {[%clk 0:04:25]} 21. Kc3
{[%clk 0:45:37]} d6 {[%clk 0:03:07]} 22. Rhe1 {[%clk 0:44:04]} Kf8
{[%clk 0:00:59]} 23. Bd5 {[%clk 0:38:06]} Rb8 {[%clk 0:00:48]} 24. Be4
{[%clk 0:38:13]} Bb6 {[%clk 0:00:50]} 25. Bxh7 {[%clk 0:37:32]} Rxe1
{[%clk 0:00:41]} 26. Rxe1 {[%clk 0:37:06]} Ba5+ {[%clk 0:01:05]} 27. Kd3
{[%clk 0:37:14]} Bxe1 {[%clk 0:01:27]} 28. h4 {[%clk 0:36:49]} b6
{[%clk 0:01:11]} 29. h5 {[%clk 0:37:05]} Ba6+ {[%clk 0:01:31]} 30. Kd4
{[%clk 0:36:50]} Rc8 {[%clk 0:01:35]} 31. Kd5 {[%clk 0:35:43]} Bb7+
{[%clk 0:01:47]} 32. Kxd6 {[%clk 0:35:37]} Rc6+ {[%clk 0:02:11]} 0-1

[Event "EYCC 2024 - G14"]
[Site "?"]
[Date "2024.08.23"]
[Round "2.4"]
[White "Rudzinskaite, Ula"]
[Black "Valente, Sofia"]
[Result "0-1"]
[BlackElo "1888"]
[WhiteElo "1677"]
[LiveChessVersion "1.4.8"]

1. d4 {[%clk 1:30:59]} Nf6 {[%clk 1:30:49]} 2. Nf3 {[%clk 1:31:23]} g6
{[%clk 1:31:09]} 3. Bg5 {[%clk 1:31:49]} Bg7 {[%clk 1:31:26]} 4. c3
{[%clk 1:32:16]} O-O {[%clk 1:31:36]} 5. Nbd2 {[%clk 1:32:27]} d6
{[%clk 1:30:24]} 6. e4 {[%clk 1:32:34]} c5 {[%clk 1:30:01]} 7. dxc5
{[%clk 1:30:25]} dxc5 {[%clk 1:30:11]} 8. Be2 {[%clk 1:30:34]} Nc6
{[%clk 1:28:19]} 9. O-O {[%clk 1:30:42]} Qc7 {[%clk 1:26:48]} 10. h3
{[%clk 1:29:11]} Rd8 {[%clk 1:21:28]} 11. Qc2 {[%clk 1:28:59]} Be6
{[%clk 1:13:06]} 12. Rfd1 {[%clk 1:23:37]} a6 {[%clk 1:10:20]} 13. a4
{[%clk 1:18:46]} Nh5 {[%clk 1:04:27]} 14. Be3 {[%clk 1:01:24]} Na5
{[%clk 1:00:40]} 15. Ng5 {[%clk 0:54:38]} Nf4 {[%clk 0:56:42]} 16. Bxf4
{[%clk 0:53:18]} Qxf4 {[%clk 0:56:59]} 17. Nxe6 {[%clk 0:53:42]} fxe6
{[%clk 0:57:16]} 18. Nc4 {[%clk 0:46:29]} Nc6 {[%clk 0:54:06]} 19. Nb6
{[%clk 0:44:55]} Rxd1+ {[%clk 0:51:21]} 20. Rxd1 {[%clk 0:42:28]} Rf8
{[%clk 0:50:15]} 21. Bc4 {[%clk 0:42:04]} Be5 {[%clk 0:40:45]} 22. Bxe6+
{[%clk 0:39:42]} Kg7 {[%clk 0:40:53]} 23. g3 {[%clk 0:39:32]} Qg5
{[%clk 0:35:41]} 24. Kg2 {[%clk 0:37:06]} Qf6 {[%clk 0:35:05]} 25. Bg4
{[%clk 0:37:26]} Nb8 {[%clk 0:32:16]} 26. Nd5 {[%clk 0:30:08]} Qf7
{[%clk 0:32:21]} 27. Rd3 {[%clk 0:24:27]} h5 {[%clk 0:29:54]} 28. Rf3
{[%clk 0:23:05]} Bf6 {[%clk 0:29:05]} 29. Qb3 {[%clk 0:11:47]} hxg4
{[%clk 0:27:45]} 30. hxg4 {[%clk 0:12:13]} Qe6 {[%clk 0:27:30]} 31. Re3
{[%clk 0:05:11]} Qxg4 {[%clk 0:24:38]} 32. Qxb7 {[%clk 0:05:23]} Rh8
{[%clk 0:24:27]} 33. Nxf6 {[%clk 0:04:01]} Qh3+ {[%clk 0:23:45]} 34. Kf3
{[%clk 0:04:12]} Kxf6 {[%clk 0:23:24]} 0-1

[Event "EYCC 2024 - G14"]
[Site "?"]
[Date "2024.08.23"]
[Round "2.5"]
[White "Krkyasharyan, Sona"]
[Black "Velychko, Sofiya"]
[Result "1-0"]
[BlackElo "1691"]
[WhiteElo "1884"]
[LiveChessVersion "1.4.8"]

1. d4 {[%clk 1:30:59]} d5 {[%clk 1:30:52]} 2. c4 {[%clk 1:31:24]} e6
{[%clk 1:31:14]} 3. Nc3 {[%clk 1:31:50]} Nf6 {[%clk 1:30:30]} 4. Nf3
{[%clk 1:32:14]} Bb4 {[%clk 1:28:16]} 5. e3 {[%clk 1:32:36]} O-O {[%clk 1:27:45]}
6. Bd3 {[%clk 1:32:32]} dxc4 {[%clk 1:26:08]} 7. Bxc4 {[%clk 1:33:00]} Nbd7
{[%clk 1:26:10]} 8. O-O {[%clk 1:33:20]} Nb6 {[%clk 1:25:40]} 9. Bd3
{[%clk 1:33:28]} Nbd5 {[%clk 1:20:34]} 10. Qc2 {[%clk 1:32:47]} Be7
{[%clk 1:13:27]} 11. a3 {[%clk 1:30:35]} h6 {[%clk 1:10:21]} 12. e4
{[%clk 1:30:06]} Nxc3 {[%clk 1:10:20]} 13. bxc3 {[%clk 1:30:34]} c5
{[%clk 1:10:02]} 14. Rd1 {[%clk 1:28:10]} cxd4 {[%clk 1:08:11]} 15. cxd4
{[%clk 1:28:28]} Bd7 {[%clk 1:07:31]} 16. Qe2 {[%clk 1:16:03]} Bc6
{[%clk 1:03:43]} 17. Bb2 {[%clk 1:09:55]} Rc8 {[%clk 0:59:44]} 18. Rac1
{[%clk 1:02:58]} Qb6 {[%clk 0:55:59]} 19. Ne5 {[%clk 0:59:45]} Ba4
{[%clk 0:52:58]} 20. Re1 {[%clk 0:59:17]} Bc6 {[%clk 0:39:29]} 21. Nxc6
{[%clk 0:57:47]} Rxc6 {[%clk 0:39:23]} 22. Rxc6 {[%clk 0:57:32]} Qxc6
{[%clk 0:38:56]} 23. Rc1 {[%clk 0:57:34]} Qb6 {[%clk 0:37:56]} 24. h4
{[%clk 0:52:51]} Nh5 {[%clk 0:31:25]} 25. g3 {[%clk 0:48:37]} e5 {[%clk 0:23:11]}
26. Rb1 {[%clk 0:43:44]} Qg6 {[%clk 0:21:16]} 27. Kh2 {[%clk 0:42:20]} f6
{[%clk 0:16:04]} 28. Rc1 {[%clk 0:40:17]} Bd6 {[%clk 0:15:28]} 29. Qf3
{[%clk 0:38:34]} Qe8 {[%clk 0:13:41]} 30. Be2 {[%clk 0:37:46]} g6
{[%clk 0:13:42]} 31. Qb3+ {[%clk 0:38:03]} Kh8 {[%clk 0:13:23]} 32. Bxh5
{[%clk 0:37:36]} gxh5 {[%clk 0:13:46]} 33. Qxb7 {[%clk 0:37:55]} exd4
{[%clk 0:11:22]} 34. Bxd4 {[%clk 0:37:49]} Qe6 {[%clk 0:09:25]} 35. Rc6
{[%clk 0:35:41]} Rf7 {[%clk 0:06:23]} 36. Qa6 {[%clk 0:34:26]} Rd7
{[%clk 0:05:24]} 37. Qc8+ {[%clk 0:26:42]} Kg7 {[%clk 0:04:38]} 38. a4
{[%clk 0:25:59]} Qg4 {[%clk 0:03:16]} 39. Rc3 {[%clk 0:20:29]} Qxh4+
{[%clk 0:02:45]} 40. Kg1 {[%clk 0:20:53]} Qg4 {[%clk 0:02:59]} 41. Rd3
{[%clk 0:21:07]} Be5 {[%clk 0:01:12]} 42. Qc4 {[%clk 0:14:17]} Qxe4
{[%clk 0:00:49]} 43. Qe6 {[%clk 0:14:18]} Rxd4 {[%clk 0:01:00]} 44. Qe7+
{[%clk 0:14:38]} Kg6 {[%clk 0:01:17]} 45. Qe8+ {[%clk 0:15:02]} Kg5
{[%clk 0:00:54]} 46. Qg8+ {[%clk 0:14:34]} Qg6 {[%clk 0:00:48]} 47. f4+
{[%clk 0:14:12]} Kf5 {[%clk 0:00:41]} 48. Qc8+ {[%clk 0:14:26]} Ke4
{[%clk 0:01:04]} 49. Qb7+ {[%clk 0:14:31]} Kf5 {[%clk 0:01:20]} 50. Re3
{[%clk 0:09:41]} Rd1+ {[%clk 0:01:11]} 51. Kf2 {[%clk 0:10:02]} Rd2+
{[%clk 0:00:50]} 52. Ke1 {[%clk 0:10:20]} Ra2 {[%clk 0:00:32]} 53. Qe4+
{[%clk 0:10:35]} Ke6 {[%clk 0:00:54]} 54. Qxg6 {[%clk 0:10:59]} 1-0

[Event "EYCC 2024 - G14"]
[Site "?"]
[Date "2024.08.23"]
[Round "2.6"]
[White "Viti, Greta"]
[Black "Gavrilovic, Sofija"]
[Result "1-0"]
[BlackElo "1482"]
[WhiteElo "1874"]
[LiveChessVersion "1.4.8"]

1. e4 {[%clk 1:30:58]} e5 {[%clk 1:30:49]} 2. Nf3 {[%clk 1:31:24]} Nc6
{[%clk 1:31:11]} 3. Nc3 {[%clk 1:31:49]} Bb4 {[%clk 1:30:53]} 4. d4
{[%clk 1:30:04]} exd4 {[%clk 1:29:05]} 5. Nxd4 {[%clk 1:30:29]} Nf6
{[%clk 1:26:41]} 6. Nxc6 {[%clk 1:30:50]} bxc6 {[%clk 1:26:47]} 7. Bd3
{[%clk 1:31:15]} d5 {[%clk 1:26:20]} 8. Bd2 {[%clk 1:31:40]} Bxc3
{[%clk 1:24:32]} 9. Bxc3 {[%clk 1:32:04]} dxe4 {[%clk 1:24:09]} 10. Bxf6
{[%clk 1:32:28]} Qxf6 {[%clk 1:24:30]} 11. Bxe4 {[%clk 1:32:54]} O-O
{[%clk 1:24:01]} 12. O-O {[%clk 1:33:18]} Qxb2 {[%clk 1:22:33]} 13. Bxc6
{[%clk 1:33:43]} Rb8 {[%clk 1:20:32]} 14. Rb1 {[%clk 1:34:07]} Qxb1
{[%clk 1:20:45]} 15. Qxb1 {[%clk 1:34:32]} Rxb1 {[%clk 1:21:02]} 16. Rxb1
{[%clk 1:34:58]} Bf5 {[%clk 1:17:22]} 17. Rb7 {[%clk 1:28:57]} Bxc2
{[%clk 1:17:17]} 18. Rxa7 {[%clk 1:27:16]} Rc8 {[%clk 1:06:22]} 19. Kf1
{[%clk 1:21:08]} Bf5 {[%clk 1:03:13]} 20. Ke2 {[%clk 1:16:58]} Kf8
{[%clk 1:03:00]} 21. a4 {[%clk 1:11:15]} Ke7 {[%clk 1:01:35]} 22. a5
{[%clk 1:00:23]} Bd7 {[%clk 0:49:50]} 23. Bf3 {[%clk 0:57:25]} Re8
{[%clk 0:42:03]} 24. Kd2 {[%clk 0:47:45]} Kd6 {[%clk 0:37:13]} 25. Kc3
{[%clk 0:40:47]} Re1 {[%clk 0:29:53]} 26. Ra8 {[%clk 0:32:46]} Rc1+
{[%clk 0:28:11]} 27. Kd2 {[%clk 0:33:02]} Ra1 {[%clk 0:26:30]} 28. Bb7
{[%clk 0:26:43]} Kc5 {[%clk 0:20:15]} 29. a6 {[%clk 0:25:43]} Kb6
{[%clk 0:18:34]} 30. Rg8 {[%clk 0:24:59]} g6 {[%clk 0:18:47]} 31. Rg7
{[%clk 0:25:12]} Ra2+ {[%clk 0:18:02]} 32. Ke3 {[%clk 0:25:22]} Ra3+
{[%clk 0:18:06]} 33. Kf4 {[%clk 0:16:34]} Ra4+ {[%clk 0:18:08]} 34. Ke5
{[%clk 0:16:06]} Ra5+ {[%clk 0:17:13]} 35. Kd4 {[%clk 0:16:18]} c5+
{[%clk 0:15:11]} 36. Kc3 {[%clk 0:16:42]} Be6 {[%clk 0:14:41]} 37. Rxh7
{[%clk 0:16:37]} Ra3+ {[%clk 0:13:07]} 38. Kb2 {[%clk 0:16:49]} Ra2+
{[%clk 0:13:26]} 39. Kc3 {[%clk 0:16:58]} Rxf2 {[%clk 0:13:10]} 40. Rh4
{[%clk 0:16:20]} Ra2 {[%clk 0:13:18]} 41. Rf4 {[%clk 0:16:08]} Ra3+
{[%clk 0:10:53]} 42. Kb2 {[%clk 0:16:22]} Ra2+ {[%clk 0:11:13]} 43. Kb1
{[%clk 0:16:19]} Re2 {[%clk 0:11:01]} 44. Ra4 {[%clk 0:14:52]} Ka7
{[%clk 0:11:16]} 45. Kc1 {[%clk 0:14:22]} c4 {[%clk 0:10:35]} 46. Bf3
{[%clk 0:13:41]} Rf2 {[%clk 0:10:01]} 47. Ra3 {[%clk 0:12:07]} c3
{[%clk 0:08:05]} 48. Rxc3 {[%clk 0:12:05]} Kxa6 {[%clk 0:08:29]} 49. h4
{[%clk 0:10:54]} Kb5 {[%clk 0:05:59]} 50. g4 {[%clk 0:10:23]} Kb4
{[%clk 0:05:46]} 51. Re3 {[%clk 0:10:34]} Ra2 {[%clk 0:05:36]} 52. h5
{[%clk 0:09:58]} gxh5 {[%clk 0:06:02]} 53. gxh5 {[%clk 0:10:21]} Ra3
{[%clk 0:06:19]} 54. h6 {[%clk 0:03:32]} Bf5 {[%clk 0:06:03]} 55. Rxa3
{[%clk 0:02:47]} Kxa3 {[%clk 0:06:27]} 56. Kd2 {[%clk 0:03:03]} Kb4
{[%clk 0:06:31]} 57. Ke3 {[%clk 0:03:27]} Kc5 {[%clk 0:06:21]} 58. Be4
{[%clk 0:03:48]} 1-0

[Event "EYCC 2024 - G14"]
[Site "?"]
[Date "2024.08.23"]
[Round "2.8"]
[White "Bashin, Inbar"]
[Black "Richter, Johanna"]
[Result "0-1"]
[BlackElo "1861"]
[WhiteElo "1411"]
[LiveChessVersion "1.4.8"]

1. d4 {[%clk 1:30:58]} Nf6 {[%clk 1:30:55]} 2. c4 {[%clk 1:31:22]} g6
{[%clk 1:31:19]} 3. Nf3 {[%clk 1:31:39]} Bg7 {[%clk 1:31:43]} 4. e3
{[%clk 1:31:51]} O-O {[%clk 1:32:01]} 5. Be2 {[%clk 1:32:08]} c6 {[%clk 1:32:26]}
6. O-O {[%clk 1:31:50]} d5 {[%clk 1:32:44]} 7. Nc3 {[%clk 1:31:25]} h6
{[%clk 1:15:39]} 8. cxd5 {[%clk 1:30:18]} cxd5 {[%clk 1:13:03]} 9. Bd2
{[%clk 1:29:35]} Nc6 {[%clk 1:13:16]} 10. a3 {[%clk 1:22:07]} a5 {[%clk 1:08:22]}
11. Na2 {[%clk 1:19:21]} Ne4 {[%clk 1:06:02]} 12. Bc3 {[%clk 1:15:23]} Bg4
{[%clk 0:59:26]} 13. h3 {[%clk 1:10:11]} Bxf3 {[%clk 0:59:20]} 14. Bxf3
{[%clk 1:10:25]} e6 {[%clk 0:57:55]} 15. Qc2 {[%clk 1:08:25]} Nd6
{[%clk 0:56:00]} 16. Nc1 {[%clk 1:06:31]} Qd7 {[%clk 0:54:50]} 17. Nd3
{[%clk 1:04:15]} b6 {[%clk 0:53:07]} 18. Rfc1 Rfc8 {[%clk 0:52:50]} 19. Qe2
{[%clk 0:59:27]} Ra7 {[%clk 0:49:55]} 20. Rc2 {[%clk 0:49:51]} Rac7
{[%clk 0:48:14]} 21. Rac1 {[%clk 0:48:40]} Nc4 {[%clk 0:46:14]} 22. Ne1
{[%clk 0:46:26]} b5 {[%clk 0:41:50]} 23. Ra1 {[%clk 0:43:39]} b4 {[%clk 0:38:31]}
24. axb4 {[%clk 0:42:23]} axb4 {[%clk 0:35:09]} 25. b3 {[%clk 0:38:31]} Nxe3
{[%clk 0:29:44]} 26. fxe3 {[%clk 0:35:03]} bxc3 {[%clk 0:29:44]} 27. Nd3
{[%clk 0:34:16]} Bf8 {[%clk 0:27:54]} 28. Ra4 {[%clk 0:33:31]} Ra7
{[%clk 0:26:30]} 29. Rxa7 {[%clk 0:32:58]} Qxa7 {[%clk 0:26:19]} 30. Qe1
{[%clk 0:33:02]} Nxd4 {[%clk 0:20:35]} 31. exd4 {[%clk 0:32:48]} Qxd4+
{[%clk 0:20:27]} 32. Nf2 {[%clk 0:33:12]} Qb4 {[%clk 0:20:50]} 33. Qb1
{[%clk 0:31:44]} Rb8 {[%clk 0:20:12]} 34. Qc1 {[%clk 0:30:36]} Bg7
{[%clk 0:20:22]} 35. Nd1 {[%clk 0:27:30]} Qxb3 {[%clk 0:19:47]} 36. Ne3
{[%clk 0:26:24]} Bd4 {[%clk 0:19:41]} 37. Kf2 {[%clk 0:25:07]} Kg7
{[%clk 0:16:15]} 38. Qd1 {[%clk 0:24:29]} Qb6 {[%clk 0:16:01]} 39. Qd3
{[%clk 0:24:27]} Qc5 {[%clk 0:15:58]} 40. Bd1 {[%clk 0:24:05]} Rb2
{[%clk 0:15:39]} 41. Kf3 {[%clk 0:23:22]} e5 {[%clk 0:12:02]} 42. Kf2
{[%clk 0:21:56]} Rxc2+ {[%clk 0:11:41]} 43. Bxc2 {[%clk 0:22:15]} Bxe3+
{[%clk 0:12:00]} 44. Qxe3 {[%clk 0:22:39]} Qxe3+ {[%clk 0:12:30]} 45. Kxe3
{[%clk 0:22:58]} f5 {[%clk 0:12:56]} 46. Kd3 {[%clk 0:22:40]} d4 {[%clk 0:13:21]}
47. Bb1 {[%clk 0:21:53]} Kf6 {[%clk 0:13:41]} 48. g3 {[%clk 0:20:51]} Kg5
{[%clk 0:12:50]} 49. Bc2 {[%clk 0:20:58]} h5 {[%clk 0:11:26]} 50. Bb1
{[%clk 0:21:00]} h4 {[%clk 0:10:54]} 51. g4 {[%clk 0:21:13]} fxg4
{[%clk 0:11:09]} 52. hxg4 {[%clk 0:21:38]} h3 {[%clk 0:11:30]} 53. Ke2
{[%clk 0:21:34]} Kxg4 {[%clk 0:11:49]} 54. Bxg6 {[%clk 0:21:10]} Kf4
{[%clk 0:11:30]} 55. Kf2 {[%clk 0:21:10]} e4 {[%clk 0:11:54]} 0-1

[Event "EYCC 2024 - G14"]
[Site "?"]
[Date "2024.08.23"]
[Round "2.9"]
[White "Nahapetyan, Ani"]
[Black "Jimenez Carrazoni, Marta Elena"]
[Result "1-0"]
[BlackElo "1946"]
[WhiteElo "1637"]
[LiveChessVersion "1.4.8"]

1. e4 {[%clk 1:30:56]} c6 {[%clk 1:30:53]} 2. d4 {[%clk 1:31:22]} d5
{[%clk 1:31:14]} 3. Nc3 {[%clk 1:31:47]} dxe4 {[%clk 1:29:35]} 4. Nxe4
{[%clk 1:32:11]} Nd7 {[%clk 1:30:01]} 5. Bd3 {[%clk 1:32:29]} Ngf6
{[%clk 1:29:59]} 6. Ng5 {[%clk 1:32:29]} e6 {[%clk 1:28:27]} 7. N1f3
{[%clk 1:32:31]} Bd6 {[%clk 1:26:16]} 8. Qe2 {[%clk 1:32:34]} h6 {[%clk 1:25:40]}
9. Ne4 {[%clk 1:32:50]} Nxe4 {[%clk 1:26:03]} 10. Qxe4 {[%clk 1:33:13]} Qc7
{[%clk 1:25:30]} 11. Bd2 {[%clk 1:31:25]} b6 {[%clk 1:24:26]} 12. O-O-O
{[%clk 1:27:03]} Bb7 {[%clk 1:22:54]} 13. Qe2 {[%clk 1:25:26]} O-O-O
{[%clk 1:21:09]} 14. Rhe1 {[%clk 1:20:13]} Rhe8 {[%clk 1:19:46]} 15. Ne5
{[%clk 1:17:34]} Bxe5 {[%clk 1:16:46]} 16. dxe5 {[%clk 1:17:02]} Nc5
{[%clk 1:15:40]} 17. Bc4 {[%clk 1:14:21]} Rd4 {[%clk 1:02:58]} 18. Bc3
{[%clk 1:09:43]} Re4 {[%clk 0:58:54]} 19. Qf1 {[%clk 1:08:41]} b5
{[%clk 0:56:51]} 20. Bd3 {[%clk 1:04:23]} Rh4 21. g3 {[%clk 1:00:19]} Nxd3+
{[%clk 0:41:00]} 22. Rxd3 {[%clk 0:58:43]} Rxh2 {[%clk 0:37:41]} 23. Qg1
{[%clk 0:54:44]} Rh5 {[%clk 0:37:11]} 24. g4 {[%clk 0:52:52]} Rh4
{[%clk 0:34:39]} 25. f3 {[%clk 0:39:16]} c5 {[%clk 0:33:00]} 26. Rf1
{[%clk 0:26:36]} f5 {[%clk 0:23:52]} 27. Be1 {[%clk 0:24:25]} Rh3
{[%clk 0:18:16]} 28. Qg2 {[%clk 0:24:18]} fxg4 {[%clk 0:16:59]} 29. Qxg4
{[%clk 0:19:16]} Rh2 {[%clk 0:17:15]} 30. Bg3 {[%clk 0:17:39]} Re2
{[%clk 0:16:06]} 31. Kd1 {[%clk 0:17:23]} c4 {[%clk 0:08:05]} 32. Rd6
{[%clk 0:12:28]} Rg2 {[%clk 0:05:16]} 33. Qh3 {[%clk 0:12:36]} Rxg3
{[%clk 0:01:21]} 34. Qxg3 {[%clk 0:13:00]} c3 {[%clk 0:01:13]} 35. b3
{[%clk 0:11:17]} Rd8 {[%clk 0:01:01]} 36. Ke2 {[%clk 0:09:07]} Rf8
{[%clk 0:00:47]} 37. Qg4 {[%clk 0:09:02]} Rf5 {[%clk 0:00:42]} 38. Rxe6
{[%clk 0:08:47]} Qf7 {[%clk 0:00:55]} 39. Rf6 gxf6 {[%clk 0:00:52]} 40. Qxf5+
{[%clk 0:07:24]} Kb8 {[%clk 0:01:19]} 41. Qxf6 {[%clk 0:07:44]} Qg8
{[%clk 0:01:10]} 42. Rf2 {[%clk 0:06:57]} Qd5 {[%clk 0:01:18]} 43. Qd6+
{[%clk 0:07:22]} Qxd6 {[%clk 0:01:40]} 44. exd6 {[%clk 0:07:48]} Bc8
{[%clk 0:01:49]} 45. Rh2 {[%clk 0:08:11]} Bf5 {[%clk 0:02:11]} 46. Rxh6
{[%clk 0:08:06]} Kc8 {[%clk 0:01:44]} 47. Kd1 {[%clk 0:08:12]} Kd7
{[%clk 0:02:06]} 48. Rf6 {[%clk 0:08:32]} Be6 {[%clk 0:02:27]} 49. f4
{[%clk 0:07:44]} Bd5 {[%clk 0:02:54]} 50. Rh6 {[%clk 0:06:10]} Bf3+
{[%clk 0:03:10]} 51. Kc1 {[%clk 0:06:28]} Be4 {[%clk 0:03:23]} 52. a3
{[%clk 0:06:29]} a6 {[%clk 0:03:14]} 53. Rf6 {[%clk 0:06:21]} a5 {[%clk 0:02:59]}
54. Rf7+ {[%clk 0:06:13]} Kxd6 {[%clk 0:03:18]} 55. Ra7 {[%clk 0:06:39]} Kc5
{[%clk 0:03:07]} 56. Re7 {[%clk 0:06:35]} Kd4 {[%clk 0:02:11]} 57. Re5
{[%clk 0:06:41]} Bd5 {[%clk 0:02:14]} 58. Re7 {[%clk 0:05:26]} Be4
{[%clk 0:02:02]} 59. Rf7 {[%clk 0:05:43]} Bd5 {[%clk 0:01:24]} 60. Rf8
{[%clk 0:05:52]} 1-0